Изменение механических свойств металлов и сплавов при холодной прокатке

Podrobná bibliografie
Hlavní autor: Третьяков А. В. Андрей Владимирович
Další autoři: Радченко К. М. Константин Михайлович
Jazyk:ruština
Vydáno: Свердловск, Металлургиздат, 1960
Témata:
Médium: MixedMaterials Kniha
KOHA link:https://koha.lib.tpu.ru/cgi-bin/koha/opac-detail.pl?biblionumber=142329

MARC

LEADER 00000nam0a2200000 4500
001 142329
005 20231031142721.0
035 |a (RuTPU)RU\TPU\book\154242 
090 |a 142329 
100 |a 20080904d1960 km y0rusy50 ca 
101 0 |a rus 
102 |a RU 
105 |a a z 001zy 
200 1 |a Изменение механических свойств металлов и сплавов при холодной прокатке  |f А. В. Третьяков, К. М. Радченко 
210 |a Свердловск  |c Металлургиздат  |d 1960 
215 |a 86 с.  |c ил. 
320 |a Библиогр.: с. 84-85. 
610 1 |a металлы 
610 1 |a физико-механические свойства 
610 1 |a обработка 
610 1 |a сплавы 
610 1 |a холодная прокатка 
675 |a 621.7м01:539.4  |v 3 
675 |a 621.771  |v 3 
700 1 |a Третьяков  |b А. В.  |g Андрей Владимирович 
701 1 |a Радченко  |b К. М.  |g Константин Михайлович 
801 1 |a RU  |b 63413507  |c 20080904  |g PSBO 
801 2 |a RU  |b 63413507  |c 20181220  |g PSBO 
942 |c BK